00484nam a2200193 a 4500001001300000003000900013005001700022008004100039020000900080082001300089100001500102245002200117260005400139300000900193500003500202505000800237650003000245700001500275nice12345678IN_TiNIC20260116012705.0050524s1981 tria grp 000 0 eng  ac1500a201bAPR aAprem, Mar aStrange but True. aTrivandrumbMaryland Printers and Publisherc1981 a228p aincludes index and biblioraphy2 aIll aChristian-Biography-India1 aAprem, Mar